Histoire de la condition civile des étrangers en France dans l'ancien et dans le nouveau droit... / (Record no. 48523)

MARC details
000 -LEADER
campo de control de longitud fija 00610nam a22001815i 4500
001 - NÚMERO DE CONTROL
campo de control 48523
003 - IDENTIFICADOR DE NÚMERO DE CONTROL
campo de control ES-MaACL
005 - FECHA Y HORA DE LA ÚLTIMA TRANSACCIÓN
campo de control 20230906161752.0
007 - CAMPO FIJO DE DESCRIPCIÓN FÍSICA--INFORMACIÓN GENERAL
campo de control de longitud fija t|
008 - DATOS DE LONGITUD FIJA--INFORMACIÓN GENERAL
campo de control de longitud fija 950725s1844 fr ||||1| fre d
040 ## - FUENTE DE CATALOGACIÓN
Centro catalogador/agencia de origen CAM
Lengua de catalogación spa
Centro/agencia transcriptor CAM
100 1# - ENTRADA PRINCIPAL--NOMBRE DE PERSONA
Nombre de persona Demangeat, Charles.
9 (RLIN) 43617
245 10 - MENCIÓN DEL TÍTULO
Título Histoire de la condition civile des étrangers en France dans l'ancien et dans le nouveau droit... /
Mención de responsabilidad, etc. par Charles Demangeat.
260 ## - PUBLICACIÓN, DISTRIBUCIÓN, ETC.
Lugar de publicación, distribución, etc. Paris :
Nombre del editor, distribuidor, etc. Joubert,
Fecha de publicación, distribución, etc. 1844 (
Lugar de fabricación/manufactura Corbeil :
Fabricante imprimerie de Crété)
300 ## - DESCRIPCIÓN FÍSICA
Extensión [4], XI, [1] en bl., 424 p. ;
Dimensiones 21 cm.
852 ## - LOCALIZACIÓN
Ubicación ES-MaACL
Número de control de estantería C-3386
852 ## - LOCALIZACIÓN
Ubicación ES-MaACL
Número de control de estantería F-11829
Holdings
Estatus retirado Estado de pérdida Estado de daño No para préstamo Colección Biblioteca de origen Biblioteca actual Ubicación en estantería Fecha de adquisición Fuente de adquisición Total de préstamos Signatura topográfica completa Código de barras Visto por última vez Precio de reemplazo Tipo de ítem Koha
        Libros del s. XIX Biblioteca del Ateneo de Madrid Biblioteca del Ateneo de Madrid Sala Pecera Planta 2 17/01/2008     F-11829 1051066 23/02/2023 23/02/2023 Libro impreso antiguo
        Libros del s. XIX Biblioteca del Ateneo de Madrid Biblioteca del Ateneo de Madrid Sala Palomar 17/01/2008     C-3386 1051065 23/02/2023 23/02/2023 Libro impreso antiguo